000 01008nam a2200217Ia 4500
003 Ost
005 20260507075538.0
008 260507s9999||||xx |||||||||||||| ||und||
020 _a2916350977
040 _cfsecg
041 _aara
082 _a330.12
100 _aستجليز، جوزيف
_eمؤلف
245 0 _aالنظم الاقتصادية العالمية الجديدة :
_bالعولمة و أثرها السلبي على الشعوب /
_c جوزيف ستجليز
260 _aالقاهرة:
_bدار الكتاب الحديث,
_c2008
300 _a338 صفحة؛
_bإيضاحات ؛
_c24 سم
520 _aيضم وعود المؤسسات العالمية، حرية الإختيار، أزمة شرق آسيا، قوانين التجارة غير العادلة وأضرار أخرى، طرق أفضل إلى السوق، البرنامج الآخر لصندوق النقد الدولي
653 _aالعولمة
653 _aالنظم الإقتصادية
942 _cكتاب
999 _c44849
_d44849